[Event "Stay Safe Play From Home 131"]
[Site "T#645805Emanuel Laske"]
[Date "2020.05.07"]
[Round "9"]
[White "matanant"]
[Black "Nickless0"]
[Result "1-0"]
[WhiteElo "1769"]
[BlackElo "1943"]
[Annotator "TA"]
[PlyCount "85"]
[EventDate "2020.05.07"]
[EventType "swiss (blitz)"]

{[%evp 9,85,0,0,-79,33,33,22,-23,13,13,31,12,10,16,10,27,27,8,37,14,404,227,211,199,241,248,229,-418,-421,-411,-391,-466,-465,-457,-461,-457,-452,-550,-438,-401,0,0,0,-558,0,-460,-139,-572,-572,-839,-771,-679,-619,-615,-615,-733,-635,-596,-519,-510,-494,-575,-575,-575,-574,-541,-39,-43,-40,-38,0,-89,-60,-340,-302,-279,-255,-258]} 1. b3 e5 2. Bb2 Nc6 3. e3 d5 4. Bb5 Bd6 5. f4 f6 6. Nf3 {[#] A01: Nimzowitsch-Larsen Opening.} (6. Nc3 $11) 6... Nge7 $146 (6... exf4 $17 7. Nc3 Nge7) ({Predecessor:} 6... exf4 7. exf4 Bxf4 8. Nd4 Nge7 9. O-O Be5 10. Qh5+ g6 11. Qh6 Bxd4+ 12. Bxd4 Nf5 13. Rxf5 Bxf5 14. Qg7 Qe7 15. Qxh8+ Kd7 16. Qxf6 {1-0 (16) Fernandes,A (2092)-Lekic,D (2343) Lisbon 2020}) 7. fxe5 $14 fxe5 8. Nxe5 {The position is equal.} Bxe5 9. Bxe5 {Black must now prevent 0-0.} O-O 10. Bf4 Ng6 $1 {[%cal Rg6f4]} 11. O-O Nxf4 12. exf4 Nd4 13. Bd3 Qh4 14. Nc3 Rxf4 $2 {[%mdl 8192]} (14... c6 $1 $11) 15. Nxd5 (15. Rxf4 $142 Qxf4 16. Qh5 (16. Nxd5 Qd6 $18)) 15... Rxf1+ $18 16. Qxf1 Be6 17. Nxc7 Rf8 18. Nxe6 $4 {[%mdl 8192]} (18. Qe1 $18 {was the only winning move.} Qxe1+ 19. Rxe1) 18... Rxf1+ $19 19. Rxf1 {[%csl Ge6][%cal Rf1f8]} Nxe6 20. Bc4 Qd4+ 21. Rf2 {[#]} Qa1+ $1 22. Rf1 Qe5 23. Kf2 Qd4+ 24. Ke1 Qa1+ 25. Ke2 $1 Qe5+ {[%mdl 64] [#] Double Attack} 26. Kf2 $1 Qd4+ $2 (26... b5 $19 27. Bxe6+ Qxe6) 27. Kf3 $2 {[%mdl 8192]} (27. Ke1 $1 $11 Qe5+ 28. Kd1) 27... Kf7 $2 (27... Kh8 $19 {is more deadly.} 28. c3 Qf4+ 29. Ke2 Qe4+ 30. Kd1 g5 31. Bxe6 Qxe6) 28. Kg3+ $2 {[%mdl 8192]} (28. Re1 $17 {nothing else works.}) 28... Ke7 29. d3 {White hopes to continue with Re1.} Qd6+ 30. Kf2 Ng5 31. Re1+ Kd8 32. Kg1 Qd4+ 33. Kf1 Qc3 34. Re2 Qf6+ 35. Rf2 Qa1+ {[%mdl 64] Double Attack} 36. Ke2 Qe5+ 37. Kd1 Ne4 $2 ({Black should try} 37... b5 $19 38. Bg8 Qxh2) 38. dxe4 $15 Qa1+ 39. Ke2 Qd4 40. Rf3 (40. Bd3 $11) 40... Qxe4+ $17 {[%mdl 64] Double Attack} 41. Re3 $2 {[%mdl 8192]} ({Better is} 41. Kd1 $15) 41... Qxc2+ 42. Kf3 Qf5+ 43. Ke2 {[%mdl 32768] Accuracy: White = 44%, Black = 53%. . Sensor Board Error (Ke4/e5)?} 1-0

[Event "Stay Safe Play From Home 131"]
[Site "T#645805Emanuel Laske"]
[Date "2020.05.07"]
[Round "9"]
[White "Kongle"]
[Black "chessuliu"]
[Result "1-0"]
[WhiteElo "1722"]
[BlackElo "1691"]
[Annotator "NA RC"]
[PlyCount "91"]
[EventDate "2020.05.07"]
[EventType "swiss (blitz)"]

1. e4 {[%emt 0:00:03]} c5 {[%emt 0:00:01]} 2. Nf3 {[%emt 0:00:01]} e6 {[%emt 0:00:01]} 3. c3 {[%emt 0:00:01]} Nf6 {[%emt 0:00:02]} 4. e5 {[%emt 0:00:02]} Nd5 {[%emt 0:00:01]} 5. d4 {[%emt 0:00:01]} cxd4 {[%emt 0:00:00]} 6. cxd4 {[%emt 0:00:01]} Nc6 {[%emt 0:00:01]} 7. Nc3 {[%emt 0:00:01]} Nxc3 {[%emt 0:00:01]} 8. bxc3 {[%emt 0:00:01]} d5 {[%emt 0:00:00]} 9. Bd3 {[%emt 0:00:02]} Be7 {[%emt 0:00:01]} 10. O-O {[%emt 0:00:01]} a6 {[%emt 0:00:01]} 11. Rb1 {[%emt 0:00:04]} Bd7 {[%emt 0:00:01]} 12. Rxb7 {[%emt 0:00:02]} Na5 {[%emt 0:00:05]} 13. Rb1 {[%emt 0:00:04]} Nc4 {[%emt 0:00:02]} 14. Qe2 {[%emt 0:00:06]} Bb5 {[%emt 0:00:05]} 15. a4 {[%emt 0:00:02]} Bxa4 {[%emt 0:00:01]} 16. Bxc4 {[%emt 0:00:01]} dxc4 {[%emt 0:00:01]} 17. Qxc4 {[%emt 0:00:03]} Bb5 {[%emt 0:00:03]} 18. Rxb5 {[%emt 0:00:01]} axb5 {[%emt 0:00:01]} 19. Qxb5+ {[%emt 0:00:01]} Qd7 {[%emt 0:00:01]} 20. Qd3 {[%emt 0:00:07]} O-O {[%emt 0:00:03]} 21. Bg5 {[%emt 0:00:03]} Bxg5 {[%emt 0:00:06]} 22. Nxg5 {[%emt 0:00:01]} g6 {[%emt 0:00:01]} 23. Ne4 {[%emt 0:00:01]} Kg7 {[%emt 0:00:03]} 24. Rc1 {[%emt 0:00:09]} Ra3 {[%emt 0:00:08]} 25. Qf3 {[%emt 0:00:07]} Qe7 {[%emt 0:00:06]} 26. Qh3 {[%emt 0:00:06]} h6 {[%emt 0:00:01]} 27. Qg4 {[%emt 0:00:08]} Rfa8 {[%emt 0:00:03]} 28. h4 {[%emt 0:00:10]} Ra1 {[%emt 0:00:02]} 29. Rxa1 {[%emt 0:00:06]} Rxa1+ {[%emt 0:00:02]} 30. Kh2 {[%emt 0:00:00]} Re1 {[%emt 0:00:20]} 31. h5 {[%emt 0:00:04]} g5 {[%emt 0:00:12]} 32. Nf6 {[%emt 0:00:07]} Qb7 {[%emt 0:00:15]} 33. Qg3 {[%emt 0:00:11]} Qb1 {[%emt 0:00:10]} 34. Qf3 {[%emt 0:00:14]} Qf5 {[%emt 0:00:02]} 35. Qa8 {[%emt 0:00:14]} Qf4+ {[%emt 0:00:06]} 36. g3 {[%emt 0:00:10]} Qxf2+ {[%emt 0:00:02]} 37. Qg2 {[%emt 0:00:01]} Qe3 {[%emt 0:00:13]} 38. Ng4 {[%emt 0:00:07]} Qxc3 {[%emt 0:00:13]} 39. Qf2 {[%emt 0:00:01]} f5 {[%emt 0:00:06]} 40. exf6+ {[%emt 0:00:02]} Kf7 {[%emt 0:00:02]} 41. Nxh6+ {[%emt 0:00:01]} Kf8 {[%emt 0:00:02]} 42. f7 {[%emt 0:00:03]} Qe3 {[%emt 0:00:07]} 43. Qxe3 {[%emt 0:00:01]} Rxe3 {[%emt 0:00:02]} 44. d5 {[%emt 0:00:00]} exd5 {[%emt 0:00:02]} 45. Nf5 {[%emt 0:00:01]} Re5 {[%emt 0:00:02]} 46. g4 {[%emt 0:00:04] Zeit (Lag: Av=0.66s, max=1.4s)} 1-0

[Event "Stay Safe Play From Home 131"]
[Site "T#645805Emanuel Laske"]
[Date "2020.05.07"]
[Round "9"]
[White "Edmatuag"]
[Black "Lazieri3"]
[Result "0-1"]
[WhiteElo "1704"]
[BlackElo "1998"]
[Annotator "TA"]
[PlyCount "42"]
[EventDate "2020.05.07"]
[EventType "swiss (blitz)"]

{[%evp 9,42,-12,87,-2,33,-14,-11,-49,54,51,94,-80,-84,-90,-95,-90,-80,-80,-75,-82,0,0,0,-481,-468,-580,-524,-567,-555,-615,-533,-1283,-1283,-29986,-29987]} 1. c4 c6 2. Nc3 d5 3. g3 Nf6 4. d4 Bf5 5. Bg2 {[#]} Qc8 $146 (5... e6 $11 {keeps the balance.}) ({Predecessor:} 5... e6 6. Qb3 Qb6 7. c5 Qa6 8. Bf1 b5 9. a4 Qa5 10. Bd2 b4 11. Na2 Na6 12. f3 Rb8 {1-0 (66) Adly,A (2626)-Hamdouchi,H (2594) Dubai 2018}) 6. a4 {A11: English Opening: 1...c6.} ({White should play} 6. cxd5 $16 cxd5 7. Nxd5 (7. Bxd5 $2 Nxd5 8. Nxd5 Be4 $19 {[%mdl 64] Double Attack})) 6... dxc4 7. Bf4 (7. e4 $5 {[%cal Re4f5]} Bg4 8. f3 $11) 7... g6 8. Nf3 {The position is equal.} Bh3 ({Black should try} 8... Nd5 $15) 9. O-O $14 h5 10. Ne5 $2 {[#]} (10. Bxh3 $16 {keeps the pressure on.} Qxh3 11. b3) 10... h4 $17 11. e4 hxg3 12. hxg3 Bxg2 13. Kxg2 Qh3+ 14. Kf3 g5 (14... Nbd7 $17 15. Rh1 Nxe5+ 16. Bxe5 Qxh1+ 17. Qxh1 Rxh1 18. Rxh1 Nd7) 15. Bxg5 $11 {Strongly threatening Rh1.} Qh5+ 16. g4 $2 {[%mdl 8192]} (16. Kf4 $11 {and White is okay.}) 16... Qxg5 $19 17. Rh1 Rg8 18. Rg1 Nbd7 19. Nxd7 Kxd7 20. e5 Nxg4 {[#] ( -> ...Qf5+)} 21. Ne4 Qf5+ {Accuracy: White = 35%, Black = 53%.} 0-1